000 00606 a2200193 4500
005 20260127125453.0
010 _aENG-129312 ENG-147664
020 _c250.00
_a978-93-86759-65-8
035 _aEN-112844
035 _aEN-131196
037 _bDBAD
082 1 4 _a650.11
100 _aSharma, Rinkal
_986870
245 1 _aTime Management is Life Management/
_cRinkal Sharma and Amit Sharma
260 _aNew Delhi
_bDiamond Pocket Books
_c2021,2024
270 _aX-30, Okhla Indl. Area, Phase-II
_bNew Delhi
_e110 020
300 _a222p
_c21cm(pbk)
942 _adpl
_cEN
_2ddc
_h650.11
_mSHA
999 _c178317
_d178317